| 000 | 00523nam a22001575i 4500 | ||
|---|---|---|---|
| 001 | 48136 | ||
| 003 | ES-MaACL | ||
| 007 | t| | ||
| 008 | 950706s1854 fr ||||1| fre d | ||
| 040 |
_aCAM _bspa _cCAM |
||
| 100 | 1 |
_aChampagny, Franz de. _937909 |
|
| 245 | 1 | 3 |
_aLa charité chrétienne dans les prémiers siècles de l'Eglise / _cpar le Comte Franz de Champgny. |
| 260 |
_aParis : _bCh. Douniol : _bL. Maison, _c1854 ( _fImprimerie de W. Remquet et Cie) |
||
| 300 |
_aVII, 386 p. ; _c18 cm. |
||
| 852 |
_aES-MaACL _jG-10287 |
||
| 999 |
_c48136 _d48136 |
||